000
00221nam a22000857a 4500
008
160907b xxu||||| |||| 00| 0 eng d
100
_9
313
_a
Shain M
245
_a
When lovers are friends
260
_a
New York
_b
Bantam Books
_c
1973
999
_c
2973
_d
2973